Statistics for Taylor Swift 36

Click here to take the quiz!

General Stats

  • This quiz has been taken 23 times
    (4 since last reset)
  • The average score is 247 of 304

Answer Stats

Answer% Correct
a
100%
an
100%
as
100%
be
100%
but
100%
come
100%
for
100%
I
100%
I'm
100%
in
100%
is
100%
it
100%
it's
100%
late
100%
love
100%
me
100%
my
100%
not
100%
now
100%
of
100%
off
100%
on
100%
our
100%
out
100%
so
100%
that
100%
the
100%
this
100%
time
100%
to
100%
too
100%
was
100%
when
100%
who
100%
you
100%
your
100%
you're
100%
about
75%
all
75%
always
75%
and
75%
are
75%
around
75%
back
75%
before
75%
'cause
75%
comes
75%
days
75%
didn't
75%
down
75%
eyes
75%
find
75%
gonna
75%
got
75%
had
75%
hand
75%
her
75%
holding
75%
horse
75%
just
75%
know
75%
let
75%
like
75%
need
75%
never
75%
oh
75%
one
75%
say
75%
should've
75%
there
75%
up
75%
wanted
75%
well
75%
went
75%
white
75%
you'll
75%
actually
50%
ain't
50%
angel
50%
begging
50%
believed
50%
big
50%
catch
50%
chance
50%
disappearing
50%
drag
50%
dreamer
50%
dreams
50%
endings
50%
face
50%
fairytale
50%
feet
50%
fight
50%
forgiveness
50%
forth
50%
girl
50%
happy
50%
have
50%
Hollywood
50%
honestly
50%
knees
50%
known
50%
lead
50%
lost
50%
many
50%
maybe
50%
might
50%
mirror
50%
mistake
50%
naive
50%
paced
50%
princess
50%
really
50%
rearview
50%
small
50%
someday
50%
someone
50%
sorry
50%
stairwell
50%
stupid
50%
sweep
50%
town
50%
treat
50%
try
50%
upper
50%
whoa
50%
world
50%

Score Distribution

Percentile by Number Answered

Percent of People with Each Score

Your Score History

You have not taken this quiz since the last reset